000 00708nam a2200253Ia 4500
003 OSt
005 20221005043651.0
006 a|||||r|||| 00| 0
007 ta
008 221004b |||||||| |||| 00| 0 eng d
024 _a65687
037 _cTextual
040 _aCRL
_cCRL
_beng
041 _2eng
_aeng
082 _aV277aN75<-N62, L6
100 _aSatya Prakash Ed.
245 0 _aAssam
_b A select bibliography 1962-75
260 _aGurgaon
_bIndian documentation service
_c1976
300 _a100p
_ccm.
490 _aIndian states bibliography series, 2
650 _aHISTORY
942 _hV277aN75<-N62, L6
_cTEXL
_2cc
999 _c952220
_d952220